000 00814nam a2200241 i 4500
001 141632
003 ES-MaACL
005 20251018063104.0
007 t|
008 070926s1970 sp ||||1| spa d
040 _cES-MaACL
100 1 _aVonnegut, Kurt,
_d1922-2007
_9242361
_eaut
245 1 0 _aMatadero cinco o "la cruzada de los inocentes" /
_cKurt Vonnegut ; [traducido por Margarita García Miró].
250 _aPrimera edición
260 _aBarcelona :
_bGrijalbo,
_c[1970]
300 _a233 páginas ;
_c20 cm.
655 7 _2tgfbne
_9176428
_aNovelas de humor
700 1 _aGarcía de Miró, Margarita
_954475
_etrl
852 _aES-MaACL
_jC-39914
_bR.73781
_9146750
_cDEPO2
942 _cMONOGRAFIA
_n0
999 _c141632
_d141632